Načítá se...
Peptide nucleic acids methods & protocols
| Další autoři: | |
|---|---|
| Médium: | Printed Book |
| Jazyk: | Undetermined |
| Vydáno: |
New Jersey
Humana press
2002
|
| Témata: |
| LEADER | 00582nam a2200181Ia 4500 | ||
|---|---|---|---|
| 008 | 140316s9999 xx 000 0 und d | ||
| 020 | |a 0896039765 | ||
| 082 | |a 572.8 |b NIE/PE | ||
| 100 | |||
| 245 | |a Peptide nucleic acids methods & protocols | ||
| 260 | |a New Jersey |b Humana press |c 2002 | ||
| 300 | |a 274 | ||
| 650 | |a Antisense and Antigene | ||
| 650 | |a PNA Technology | ||
| 700 | |a Nielsen,Peter E | ||
| 942 | |2 ddc |c REF | ||
| 999 | |c 20725 |d 20725 | ||
| 952 | |0 0 |1 0 |2 ddc |4 0 |6 572_800000000000000_NIEPE |7 0 |9 28575 |a KAUCLV |b KAUCLV |c REF |d 2014-03-18 |o 572.8 NIE/PE |p 216119 |r 2014-03-18 |w 2014-03-18 |y REF | ||